IJCAI-77 : 5th International Joint Conference on Artificial Intelligence - 1977 : IJCAI-77 . Proceedings of the Conference, Massachusetts Institute of Technology Cambridge, Massachusetts, USA August 22-25, 1977
Αποθηκεύτηκε σε:
| Συγγραφή απο Οργανισμό/Αρχή: | |
|---|---|
| Μορφή: | Πρακτικό Συνεδρίου Βιβλίο |
| Γλώσσα: | English |
| Δημοσίευση: |
Los Altos, Califirnia :
Morgan Kaufmann (Distributor),
c1977
|
| Θέματα: | |
| Ετικέτες: |
Προσθήκη ετικέτας
Δεν υπάρχουν, Καταχωρήστε ετικέτα πρώτοι!
|
MARC
| LEADER | 00000nam a2200000 i 4500 | ||
|---|---|---|---|
| 001 | 1/64322 | ||
| 008 | 960403s1977 eng d | ||
| 020 | |a 0-934613-48-6 | ||
| 035 | |a 1995 |c ΔΑΡΖΕΝΤΑΣ |l 10046944 | ||
| 040 | |a GR-MY-UA |b gre |e aacr | ||
| 041 | 0 | |a eng | |
| 082 | 0 | |a 006.3 | |
| 111 | 0 | |a International Joint Conference on Artificial Intelligence |n 5th |d August 22-25, 1977 |c Cambridge, Massachusetts, USA. | |
| 245 | 1 | 0 | |a IJCAI-77 : |b 5th International Joint Conference on Artificial Intelligence - 1977 : IJCAI-77 . Proceedings of the Conference, Massachusetts Institute of Technology Cambridge, Massachusetts, USA August 22-25, 1977 / |c Sponsored by the International Joint Conferences on Artificial Intelligence |
| 260 | |a Los Altos, Califirnia : |b Morgan Kaufmann (Distributor), |c c1977 | ||
| 300 | |a 2 vols (1104 p.); |c 28 cm. | ||
| 500 | |a Includes bibliographical references | ||
| 650 | 0 | 0 | |a Artificial intelligence |x Congresses. |
| 852 | |a INST |b SAMOS |e 19960403 |h 006.3 INT |p 005300005850 |q 005300005850 |t BK |y 0 |z v.2 | ||
| 852 | |a INST |b SAMOS |e 19960403 |h 006.3 INT |p 005300005853 |q 005300005853 |t BK |y 0 |z v.1 | ||
| 852 | |a INST |b SAMOS |e 19960403 |h 006.3 INT |p 005300005850 |q 005300005850 |t BK |v v.2: |y 0 |z v.2 | ||
| 852 | |a INST |b SAMOS |e 19960403 |h 006.3 INT |p 005300005853 |q 005300005853 |t BK |v v.1: |y 0 |z v.1 | ||
| 853 | |a INST |b SAMOS |h 006.3 INT | ||
| 909 | |a Σ |b 039563 | ||
| 909 | |a Σ |b 039564 | ||